Hazañas bélicas: guerra y paz

Gorde:
Xehetasun bibliografikoak
Egile Nagusiak: Bastida, Anna (Egilea), Cascón, Paco (Egilea), Grasa, Rafael (Egilea)
Formatua: Liburua
Hizkuntza:gaztelania
Argitaratua: Barcelona Intermon 1997
Gaiak:
Etiketak: Etiketa erantsi
Etiketarik gabe, Izan zaitez lehena erregistro honi etiketa jartzen!

MARC

LEADER 00000nam a2200000 a 4500
001 UCQ0112
003 CL-VaPUC
008 980619e19970000SP |||||||||||||||||spa|d
082 0 4 |a 372.89  |b BAS  |2 21 
100 0 |a Bastida, Anna  |e author  |9 413125 
700 0 |a Cascón, Paco  |e author  |9 413126 
700 0 |a Grasa, Rafael  |e author  |9 413127 
245 1 0 |a Hazañas bélicas: guerra y paz 
300 |a 2 v 
942 |c BK 
945 |d 19980619 00:00:00  |a mvenant 
260 |a Barcelona  |b Intermon  |c 1997 
500 |a Comprende la guía didáctica y un cuaderno de trabajo 
650 0 |a Guerra  |9 255876 
650 0 |a Aspectos éticos   |9 310696 
650 0 |a Enseñanza de la historia   |9 307330 
583 |a last modification  |c 19980619 00:00:00  |k Rodrigo Vera 
999 |c 271266  |d 271264 
952 |0 0  |1 0  |4 0  |6 372_890000000000000_BAS_1997  |7 0  |8 A  |9 305867  |a BIBHIS  |b BIBHIS  |d 2019-11-20  |h v.1  |i 3432920  |o 372.89 BAS 1997  |p 3432920  |r 2025-01-20  |w 2019-11-20  |y BK  |k HIS 
952 |0 0  |1 0  |4 0  |6 372_890000000000000_BAS_1997  |7 0  |8 A  |9 305868  |a BIBHIS  |b BIBHIS  |d 2019-11-20  |h v.2  |i 3432939  |o 372.89 BAS 1997  |p 3432939  |r 2025-01-20  |w 2019-11-20  |y BK  |k HIS